CO OTWIERAMY PRZYNAJMNIEJ RAZ W CIĄGU DNIA? - Statystyki

Ogólne statystyki
  • Ten quiz został rozwiązany 245 razy
  • Średni wynik to 3 z 5
Statystyki odpowiedzi
Odpowiedź % Poprawnych
DRZWI
96%
LODÓWKĘ
63%
OCZY
60%
USTA
49%
TOALETĘ
22%
Nie znaleziono quizów pasujących do podanych kryteriów
Rozkład punktacji
Procent ludzi z każdym wynikiem
Percentyl według liczby udzielonych odpowiedzi
Twoja historia wyników
Nie rozwiązałeś tego quizu